ბათუმის შოთა რუსთაველის სახელმწიფო უნივერსიტეტის ბიბლიოთეკა

გერმანიის კონსტიტუციური სამართალი / (ბიბ.ჩანაწერი № 59511)

000 -ლიდერი
ფიქსირებული სიგრძის საკონტროლო ველი 01232nam a22002177a 4500
003 - საკონტროლო ნომრის იდენტიფიკატორი
საკონტროლო ველი Ge_BSU
005 - ბოლო ოპერაციის თარიღი და დრო
საკონტროლო ველი 20230306145358.0
008 - ფიქსირებული სიგრძის მონაცემთა ელემენტები - ზოგადი ინფორმაცია
ფიქსირებული სიგრძის საკონტროლო ველი 230306s1999 ge ||||| |||| 00| 0 geo d
020 ## - წიგნის საერთაშორისო სტანდარტული ნომერი
International Standard Book Number 9992816309
041 ## - ენის კოდი
Language code of text/sound track or separate title geo
080 ## - უნივერსალური ათობითი კლასიფიკაციის ინდექსი
Universal Decimal Classification number 342.4(430) მ-54
100 ## - მთავარი ჩანაწერი - პიროვნების სახელი
Personal name მელქაძე, ოთარ
9 (RLIN) 17111
245 ## - ცნობა სათაურის შესახებ
Title გერმანიის კონსტიტუციური სამართალი /
Statement of responsibility, etc ოთარ მელქაძე, ნუცა რამიშვილი; მსოფლიო პარლამენტარიზმის კვლევითი ცენტრი.
264 ## - წარმოების, გამოცემის, დისტრიბუციის და სხვა ცნობები
გამოცემის, წარმოების, დისტრიბუციის... ადგილი თბილისი :
გამოცემის, წარმოების, დისტრიბუციის... სახელწოდება მერანი,
გამოცემის, წარმოების, დისტრიბუციის... თარიღი 1999.
300 ## - ფიზიკური აღწერა
Extent 192 გვ. ;
Other physical details 20 სმ.
490 ## - სერიის ცნობა
Series statement პოლიტიკურ-სახელმწიფოებრივი ლიტერატურის სერია ;
Volume number/sequential designation წ. IX
653 ## - INDEX TERM--UNCONTROLLED
Uncontrolled term გერმანიის კონსტიტუციური სამართალი
700 ## - ADDED ENTRY--PERSONAL NAME
Personal name რამიშვილი, ნუცა
Relator term ავტორი
9 (RLIN) 17112
710 ## - ADDED ENTRY--CORPORATE NAME
Corporate name or jurisdiction name as entry element მსოფლიო პარლამენტარიზმის კვლევითი ცენტრი.
9 (RLIN) 2952
942 ## - ADDED ENTRY ELEMENTS (KOHA)
Source of classification or shelving scheme
Koha item type წიგნი
ეგზემპლარები
ჩამოწერის სტატუსი დაკარგული ეგზემპლარის სტატუსი კლასიფიკაციის წყარო ან თაროზე გაწყობის სქემა დაზიანების სტატუსი არ გაიცემა მუდმივი მდებარეობა (დაცვის ადგილი) ამჟამინდელი ადგილსამყოფელი თაროზე განთავსების ადგილი შეძენის თარიღი ღირებულება, შესყიდვის ნორმალური ფასი სრული შენახვის შიფრი შტრიხკოდი ბოლო ოპერაციის თარიღი ეგზემპლარის მიმდევრობითი ნომერი (კეტერი?) ფასის ძალაში შესვლის თარიღი ეგზემპლარის სახეობა საჯარო შენიშვნა
          ბათუმის შოთა რუსთაველის სახელმწიფო უნივერსიტეტის მთავარი ბიბლიოთეკა ბათუმის შოთა რუსთაველის სახელმწიფო უნივერსიტეტის მთავარი ბიბლიოთეკა წიგნსაცავი 2023-03-06 5.00 342.4(430) მ-54 63973 2023-03-06 63973 2023-03-06 წიგნი 5 ლ.